| 000 | 00559nam a22002057i 4500 | ||
|---|---|---|---|
| 001 | 2021 | ||
| 003 | OSt | ||
| 005 | 20170126082302.0 | ||
| 007 | tu | ||
| 008 | 161220s1994 xxu||||| |||| 00| 0 d | ||
| 024 | 7 |
_a2020 _2RID |
|
| 040 | _cOSt | ||
| 084 |
_a15.24 _2z |
||
| 100 | 1 | _aSzanyi, Miklos | |
| 245 | 0 | 0 | _aEfforts at Adaption by Hungarian Industrial Firms During the Transition Crisis |
| 260 |
_aBudapest : _bInstitute for World Economics, Hungarian Academy of Sciences, _c1994. |
||
| 300 |
_a23 S. ; _c30cm. |
||
| 490 |
_aWorking Papers _v46 |
||
| 651 | _aHungary | ||
| 942 | _cB | ||
| 999 |
_c2000 _d2000 |
||